000 00218 a2200097 4500
001 59489
100 _a
245 _aSmall spaces beautiful kitchen
260 _aChina
_bRockport
_c2005
090 _c36404
_d36404
942 _aNUST-CAE
_cMONOGRAPH
_c29341
999 _c294562
_d294562